Создание игровой тематической детской площадки в центральной части города; Молодежь и современные информационные технологии

Bibliographic Details
Parent link:Молодежь и современные информационные технологии.— 2019.— [С. 504-505]
Main Author: Олиференко А. А.
Corporate Author: Национальный исследовательский Томский политехнический университет (ТПУ) Юргинский технологический институт (филиал) (ЮТИ) Отделение цифровых технологий (ОЦТ)
Other Authors: Хруль Т. С. Татьяна Сергеевна
Summary:Заглавие с титульного экрана
Language:Russian
Published: 2019
Series:Компьютерная графика и дизайн
Subjects:
Online Access:http://earchive.tpu.ru/handle/11683/52645
Format: Electronic Book Chapter
KOHA link:https://koha.lib.tpu.ru/cgi-bin/koha/opac-detail.pl?biblionumber=629216

MARC

LEADER 00000naa2a2200000 4500
001 629216
005 20231101133541.0
035 |a (RuTPU)RU\TPU\conf\29664 
035 |a RU\TPU\conf\29660 
090 |a 629216 
100 |a 20190204d2019 k y0rusy50 ca 
101 0 |a rus 
102 |a RU 
105 |a y z 101zy 
135 |a drcn ---uucaa 
181 0 |a i  
182 0 |a b 
200 1 |a Создание игровой тематической детской площадки в центральной части города  |f А. А. Олиференко, Т. С. Хруль 
203 |a Текст  |c электронный 
225 1 |a Компьютерная графика и дизайн 
230 |a 1 компьютерный файл (pdf; 329 Кb) 
300 |a Заглавие с титульного экрана 
320 |a [Библиогр.: с. 505 (3 назв.)] 
463 0 |0 (RuTPU)RU\TPU\conf\29427  |t Молодежь и современные информационные технологии  |o сборник трудов XVI Международной научно-практической конференции студентов, аспирантов и молодых учёных, 3-7 декабря 2018 г., г. Томск  |f Национальный исследовательский Томский политехнический университет, Инженерная школа информационных технологий и робототехники ; под ред. Д. М. Сонькина [и др.]  |v [С. 504-505]  |d 2019 
610 1 |a электронный ресурс 
610 1 |a труды учёных ТПУ 
610 1 |a игровые площадки 
610 1 |a детские площадки 
610 1 |a городская среда 
610 1 |a интерактивная среда 
610 1 |a проектирование 
700 1 |a Олиференко  |b А. А. 
701 1 |a Хруль  |b Т. С.  |c специалист в области инженерной графики и начертательной геометрии  |c старший преподаватель Томского политехнического университета  |f 1983-  |g Татьяна Сергеевна  |2 stltpush  |3 (RuTPU)RU\TPU\pers\37922 
712 0 2 |a Национальный исследовательский Томский политехнический университет (ТПУ)  |b Юргинский технологический институт (филиал) (ЮТИ)  |b Отделение цифровых технологий (ОЦТ)  |h 8375  |2 stltpush  |3 (RuTPU)RU\TPU\col\24718 
801 2 |a RU  |b 63413507  |c 20201230  |g RCR 
856 4 |u http://earchive.tpu.ru/handle/11683/52645 
942 |c BK